<?xml version="1.0" encoding="UTF-8"?><?xml-stylesheet type="text/xsl" href="static/style.xsl"?><OAI-PMH xmlns="http://www.openarchives.org/OAI/2.0/" xmlns:xsi="http://www.w3.org/2001/XMLSchema-instance" xsi:schemaLocation="http://www.openarchives.org/OAI/2.0/ http://www.openarchives.org/OAI/2.0/OAI-PMH.xsd"><responseDate>2026-04-30T05:19:03Z</responseDate><request verb="GetRecord" identifier="oai:uvadoc.uva.es:10324/5016" metadataPrefix="marc">https://uvadoc.uva.es/oai/request</request><GetRecord><record><header><identifier>oai:uvadoc.uva.es:10324/5016</identifier><datestamp>2025-02-13T09:59:53Z</datestamp><setSpec>com_10324_38</setSpec><setSpec>col_10324_852</setSpec></header><metadata><record xmlns="http://www.loc.gov/MARC21/slim" xmlns:doc="http://www.lyncode.com/xoai" xmlns:xsi="http://www.w3.org/2001/XMLSchema-instance" xmlns:dcterms="http://purl.org/dc/terms/" xsi:schemaLocation="http://www.loc.gov/MARC21/slim http://www.loc.gov/standards/marcxml/schema/MARC21slim.xsd">
<leader>00925njm 22002777a 4500</leader>
<datafield tag="042" ind1=" " ind2=" ">
<subfield code="a">dc</subfield>
</datafield>
<datafield tag="720" ind1=" " ind2=" ">
<subfield code="a">Herguedas López, Diego</subfield>
<subfield code="e">author</subfield>
</datafield>
<datafield tag="260" ind1=" " ind2=" ">
<subfield code="c">2014</subfield>
</datafield>
<datafield tag="520" ind1=" " ind2=" ">
<subfield code="a">La elección de este tema tiene mucho que ver con mi pretensión de entender las características específicas del ser humano como medio para acercarme a una de sus situaciones límites: la enfermedad, cuyos efectos he de aprender a paliar.&#xd;
&#xd;
El desarrollo del tema se plantea en tres aspectos: la vida en el planeta, la quimera filosófica-antropológica y la relación cultura-natura. &#xd;
&#xd;
Del primer apartado cabe destacar la célula, como común denominador de cualquier realidad viviente. Sin embargo cada animal es diferente, tiene un genoma único.&#xd;
Tras un largo proceso evolutivo, hace unos 80.000 años los primeros homo sapiens pueblan la tierra.&#xd;
&#xd;
Desde que el ser humano se reconoce como tal, no cesa de preguntarse ¿Quién soy? ¿Qué me hace diferente?&#xd;
Con la teoría de la evolución parece haberse encontrado la clave que explica los cambios y el “perfeccionamiento” de las diversas especies. &#xd;
&#xd;
A través de la razón podemos llegar a las “causas penúltimas”, las “causas últimas” siendo razonables no son explicables racionalmente.</subfield>
</datafield>
<datafield tag="024" ind2=" " ind1="8">
<subfield code="a">http://uvadoc.uva.es/handle/10324/5016</subfield>
</datafield>
<datafield ind1=" " ind2=" " tag="653">
<subfield code="a">Hombre - Evolución</subfield>
</datafield>
<datafield tag="245" ind1="0" ind2="0">
<subfield code="a">¿Qué es el ser humano?</subfield>
</datafield>
</record></metadata></record></GetRecord></OAI-PMH>